000 00570nam a2200229Ia 4500
003 OSt
005 20221005050158.0
006 a|||||r|||| 00| 0
007 ta
008 221004b |||||||| |||| 00| 0 eng d
024 _a46841
037 _cTextual
040 _aCRL
_cCRL
_beng
041 _2eng
_aeng
082 _aN0495.N7, L0
245 0 _aShort history of Korean art
260 _aKorea
_bArt Historical association
_c1970
300 _a207p
_ccm.
650 _aARTS
942 _hN0495.N7, L0
_cTEXL
_2cc
999 _c956455
_d956455